Baseball Players With the Longest Consecutive Games Played Streak - Statistics

General Stats
  • This quiz has been taken 14 times
  • The average score is 3 of 10
Answer Stats
# of Days Team Player % Correct
2,632 Orioles Cal Ripken Jr.
100%
2,130 Yankees Lou Gehrig
92%
1,117 Cubs, Athletics Billy Williams
46%
895 Cardinals Stan Musial
46%
1,207 Dodgers, Padres Steve Garvey
31%
1,152 Athletics, Astros, Orioles, Padres, Giants, Royals Miguel Tejada
8%
829 Senators, Tigers, Angels Eddie Yost
0%
1,307 Red Sox, Twins, Yankees, Reds, White Sox Everett Scott
0%
822 Pirates, Phillies Gus Suhr
0%
1,103 Indians (Guardians), Yankees Joe Sewell
0%
No matching quizzes found
Score Distribution
Percent of People with Each Score
Percentile by Number Answered
Your Score History
You have not taken this quiz